000 01112nam a2200289 i 4500
003 DO-SdBNP
005 20240314191553.0
006 a||||fr|||| 00| 0
007 ta
008 230920e2023 dr ac||| |||| 00| 0 spa d
020 _a9789945643671
020 _a9789945643688 (diigtal)
040 _aDO-SdBNP
_bspa
_cBNPHU
_erda
082 4 _222
_bM538v
100 1 _aMéndez, Wanda,
_922596
_eautor
245 1 0 _aVisión constitucional:
_bsentencias comentadas del Tribunal Constitucional dominicano. /
_cWanda Méndez; prólogo, Milton Ray Guevara; cuidado de la edición, Katherine Estévez
264 _aSanto Domingo :
_bTribunal Constitucional de la República Dominicana,
_c2023
300 _a269 páginas :
_bIlustraciones, retrato ;
_c23 cm.
336 _2rdacontent
_atexto
_btxt
337 _2rdamedia
_asin mediación
_bn
338 _2rdacarrier
_avolumen
_bnc
500 _aIncluye datos biográficos de la autora en la página 267
590 _aInventariado 2023 / MF
700 1 _aMilton Ray Guevara
_d1948-
_eprólogo
_978143
700 1 _aEstévez, Katherine
_eeditor
_984225
942 _2ddc
_cLBS1
999 _c54859
_d54859